| 000 | 01077nmm a22002774a 4500 | ||
|---|---|---|---|
| 003 | BOLpUSFA | ||
| 005 | 20201007185420.0 | ||
| 008 | t bo gq d z spa u | ||
| 020 | _a9789942113931 | ||
| 041 | _aspa | ||
| 100 | _aGamucio, María Elena | ||
| 245 |
_aProtocolo de diagnóstico e intervención psicopedagógica : _bdiagnóstico rápido 11-18 años _h[recurso electrónico] |
||
| 260 | s |
_as.l.: _bClínica Ambiental, _c2012. |
|
| 300 |
_a54 p. : _bil. |
||
| 490 |
_aGuía ; _vNo. 3 |
||
| 520 | _aLa adolescencia es una construcción social, por ello, la forma como se la comprende ha cambiado considerablemente con el transcurso de los años y varía también de una región a otra. | ||
| 650 | _aDiagnóstico | ||
| 650 | _aPsicopedagógico | ||
| 650 | _aEducación | ||
| 650 | _aAdolescencia | ||
| 650 | _aHistoria clínica | ||
| 700 | _aSolíz, Fernanda | ||
| 700 | _aValverde, Soledad | ||
| 856 | _uhttp://biblioteca.usfa.edu.bo/cgi-bin/koha/opac-retrieve-file.pl?id=1a5acc35a15a0f4f3e172492299f2393 | ||
| 942 |
_2ddc _cDOCE _zOPW; SHS |
||
| 999 |
_c3283 _d3283 |
||